000 00359nam a2200133Ia 4500
008 240624s9999 xx 000 0 und d
041 _aeng
082 _a658.4034 TAH
100 _aTAHA HAMDY
245 _aOPERATIONS RESEARCH AN INTRODUCTION
250 _a(5th ed.)
260 _c1995
_aNew Delhi
_bPrentice-Hall of India
300 _axix, : 822 : p. : cm. ; 23
999 _c5198
_d5198